<?xml version="1.0" encoding="UTF-8"?><?xml-stylesheet type="text/xsl" href="static/style.xsl"?><OAI-PMH xmlns="http://www.openarchives.org/OAI/2.0/" xmlns:xsi="http://www.w3.org/2001/XMLSchema-instance" xsi:schemaLocation="http://www.openarchives.org/OAI/2.0/ http://www.openarchives.org/OAI/2.0/OAI-PMH.xsd"><responseDate>2026-04-19T11:37:47Z</responseDate><request verb="GetRecord" identifier="oai:www.recercat.cat:10230/22882" metadataPrefix="marc">https://recercat.cat/oai/request</request><GetRecord><record><header><identifier>oai:recercat.cat:10230/22882</identifier><datestamp>2025-12-19T20:29:40Z</datestamp><setSpec>com_2072_6</setSpec><setSpec>col_2072_452954</setSpec></header><metadata><record xmlns="http://www.loc.gov/MARC21/slim" xmlns:dcterms="http://purl.org/dc/terms/" xmlns:xsi="http://www.w3.org/2001/XMLSchema-instance" xmlns:doc="http://www.lyncode.com/xoai" xsi:schemaLocation="http://www.loc.gov/MARC21/slim http://www.loc.gov/standards/marcxml/schema/MARC21slim.xsd">
   <leader>00925njm 22002777a 4500</leader>
   <datafield ind2=" " ind1=" " tag="042">
      <subfield code="a">dc</subfield>
   </datafield>
   <datafield ind2=" " ind1=" " tag="720">
      <subfield code="a">Llop Agramunt, David</subfield>
      <subfield code="e">author</subfield>
   </datafield>
   <datafield ind2=" " ind1=" " tag="260">
      <subfield code="c">2014-12-04T08:47:01Z</subfield>
   </datafield>
   <datafield ind2=" " ind1=" " tag="260">
      <subfield code="c">2014-12-04T08:47:01Z</subfield>
   </datafield>
   <datafield ind2=" " ind1=" " tag="260">
      <subfield code="c">2014-12-04</subfield>
   </datafield>
   <datafield ind2=" " ind1=" " tag="520">
      <subfield code="a">Treball de fi de grau en Telemàtica</subfield>
   </datafield>
   <datafield ind2=" " ind1=" " tag="520">
      <subfield code="a">Tutors: Rosa Estopà, Vanesa Daza Fernández</subfield>
   </datafield>
   <datafield ind2=" " ind1=" " tag="520">
      <subfield code="a">This Project is the web implementation of a board game made by Rosa Estopà’s Team in the “Jugant a definir la ciència” (Estopà, 2013) project context. The aim of the project was to develop a tool for teaching entities, for children to use it using the new technologies and the games as a media to get children’s attention and help them learn about science. The game format is online and allows the user to play competing with a friend, the computer or himself, and it includes the choosing of the difficulty of the game. This document puts the game in the context of “Jugant a definir la ciència”, describes the design, the technical implementation of the game which has been done using the object oriented programming paradigm, and includes a user guide for the game.</subfield>
   </datafield>
   <datafield ind2=" " ind1=" " tag="520">
      <subfield code="a">Aquest projecte és la implementació web d’un joc de taula elaborat en el marc del projecte “Jugant a definir la ciència”(Estopà, 2013). El projecte s’ha desenvolupat amb intenció de ser una eina per a entitats educatives d’infants, que pugin utilitzar les noves tecnologies i els jocs com un recurs per atraure l’atenció dels infants i ajudar-los a treballar el lèxic científic. El joc és en format online, i permet a l’usuari jugar amb diverses modalitats: jugar individualment o competir amb un amic, amb l’ordinador i, a més a més, inclou la possibilitat de seleccionar la dificultat de la partida. Aquest document posa el joc en el context de “Jugant a definir la ciència”, descriu el disseny i la implementació tècnica del joc que ha estat feta usant el paradigma de la programació orientada a objectes i inclou una guia d’usuari del joc.</subfield>
   </datafield>
   <datafield tag="653" ind2=" " ind1=" ">
      <subfield code="a">Jocs educatius</subfield>
   </datafield>
   <datafield tag="653" ind2=" " ind1=" ">
      <subfield code="a">Jocs per ordinador--Disseny</subfield>
   </datafield>
   <datafield ind2="0" ind1="0" tag="245">
      <subfield code="a">Playing with the words of science online: birds of a feather flock together</subfield>
   </datafield>
</record></metadata></record></GetRecord></OAI-PMH>